Catálogo
 En Linea

Obra literaria / (Registro nro. 4936)

Detalles MARC
000 -CABECERA
campo de control de longitud fija 00814cam a2200205 a 4500
001 - NÚMERO DE CONTROL
campo de control 000005133
005 - FECHA Y HORA DE LA ÚLTIMA TRANSACCIÓN
campo de control 20200929151603.0
008 - DATOS DE LONGITUD FIJA--INFORMACIÓN GENERAL
campo de control de longitud fija 880425s1988 pr a 000 0 spa
020 ## - NÚMERO INTERNACIONAL ESTÁNDAR DEL LIBRO
Número Internacional Estándar del Libro 0865814015
040 ## - FUENTE DE LA CATALOGACIÓN
Centro catalogador/agencia de origen DO-SdBNP
Centro/agencia transcriptor DLC
Centro/agencia modificador DLC
050 00 - SIGNATURA TOPOGRÁFICA DE LA BIBLIOTECA DEL CONGRESO
Número de clasificación PQ7439.R5525
Número de documento/Ítem A6 1988
082 ## - NÚMERO DE LA CLASIFICACIÓN DECIMAL DEWEY
Número de clasificación 861
Número de documento/Ítem 20
-- R621o
100 1# - ENTRADA PRINCIPAL--NOMBRE DE PERSONA
Nombre de persona Rivera Viera, Juan Vicente,
Fechas asociadas al nombre 1884-1953.
Títulos y otros términos asociados al nombre Padre
9 (RLIN) 14697
245 10 - MENCIÓN DE TÍTULO
Título Obra literaria /
Mención de responsabilidad, etc. Juan Vicente Rivera Viera ; compilación de Santiago Maunez Vizcarrondo.
260 ## - PUBLICACIÓN, DISTRIBUCIÓN, ETC.
Lugar de publicación, distribución, etc. San Juan, Puerto Rico :
Nombre del editor, distribuidor, etc. Instituto de Cultura Puertorriqueña :
-- Division de Publicaciones y Grabaciones,
Fecha de publicación, distribución, etc. 1988.
300 ## - DESCRIPCIÓN FÍSICA
Extensión 576 p. :
Otras características físicas il. ;
Dimensiones 24 cm.
700 1# - PUNTO DE ACCESO ADICIONAL--NOMBRE DE PERSONA
Nombre de persona Maunez Vizcarrondo, Santiago,
Fechas asociadas al nombre 1924-
Término indicativo de función/relación Comp.
9 (RLIN) 14698
740 0# - PUNTO DE ACCESO ADICIONAL--TÍTULO RELACIONADO O ANALÍTICO NO CONTROLADO
Título relacionado o analítico no controlado Obra literaria del Padre Juan Vicente Rivera Viera.
910 ## - DATOS DE OPCIÓN DEL USUARIO (OCLC)
Datos de opción del usuario Catalogación por copia / LC
Existencias
Estado de retiro Estado de pérdida Restricciones de uso No para préstamo Código de colección Localización permanente Ubicación/localización actual Ubicación en estantería Fecha de adquisición Número de inventario Total de préstamos Signatura topográfica completa Código de barras Fecha visto por última vez Precio válido a partir de Tipo de ítem Koha
    Préstamo interno   Monografías: Libros y Folletos General General En catalogación 29.07.2009 LF1   861 20 R621o 5133-10 25.06.2020 25.06.2020 Préstamo interno

Con tecnología Koha